| 000 | 00830nam a2200217 i 4500 | ||
|---|---|---|---|
| 001 | 45922 | ||
| 003 | ES-MaACL | ||
| 005 | 20250603183601.0 | ||
| 007 | t| | ||
| 008 | 030327q1967 sp ||||1| spa d | ||
| 080 | _a639.22:338.984.3(46)"1968/71" | ||
| 080 | _a338.984.3(46)"1968/71" | ||
| 110 | 1 |
_aEspaña. _bComisaría del Plan de Desarrollo Económico y Social. _93631 |
|
| 245 | 1 | 0 |
_aComisión de Pesca Marítima : _b[II Plan de Desarrollo Económico y Social]. |
| 260 |
_aMadrid : _bPresidencia del Gobierno, Comisaría del Plan de Desarrollo Económico y Social, _c[1967] |
||
| 300 |
_a184 p. : _b5 gráf. ; _c30 cm. |
||
| 651 | 7 |
_aEspaña- _xPolítica pesquera _2 _9144396 |
|
| 710 | 1 |
_aEspaña. _bComisaría del Plan de Desarrollo Económico y Social. _93631 |
|
| 852 |
_aES-MaACL _jC-41468 |
||
| 999 |
_c45922 _d45922 |
||